Economy of former USSR continues to deteriorate.
Obsah referátu riaditeľa odboru MMF pre bývalý ZSSR, ktorý predniesol na seminári MMF koncom minulého roku. Konštatuje neprehľadnosť a ťažkosti interpretácie hlavných národohospodárskych ukazovateľov. Účinok kombinácie trhovej a direktívnej ekonomiky a jej varianty v jednotlivých republikách. Klesaj...
Salvato in:
| Autore principale: | |
|---|---|
| Natura: | Capitolo di libro |
| Lingua: | inglese |
| Soggetti: | |
| Tags: |
Nessun Tag, puoi essere il primo ad aggiungerne!!
|
MARC
| LEADER | 00000naa a2200000 4500 | ||
|---|---|---|---|
| 001 | r007715 | ||
| 005 | 20220913122314.2 | ||
| 041 | 0 | |a eng | |
| 044 | |a US | ||
| 245 | 1 | 0 | |a Economy of former USSR continues to deteriorate. |c G.R. Rosen |
| 520 | |a Obsah referátu riaditeľa odboru MMF pre bývalý ZSSR, ktorý predniesol na seminári MMF koncom minulého roku. Konštatuje neprehľadnosť a ťažkosti interpretácie hlavných národohospodárskych ukazovateľov. Účinok kombinácie trhovej a direktívnej ekonomiky a jej varianty v jednotlivých republikách. Klesajúca úloha ústrednej vlády. Kompetenčné nejasnosti v realizácii menovej a daňovej politiky. Podiel minulého systému na situácii. | ||
| 610 | 2 | 0 | |a ZSSR |
| 610 | 2 | 0 | |a hospodárstvo národné |
| 610 | 2 | 0 | |a ukazovatele NH |
| 610 | 2 | 0 | |a Medzinárodný menový fond |
| 610 | 2 | 0 | |a hospodárstvo trhové |
| 610 | 2 | 0 | |a riadenie direktívne |
| 610 | 2 | 0 | |a kríza hospodárska |
| 100 | 1 | |a Rosen, G.R. | |